Lenguaje jurídico

Salvato in:
Dettagli Bibliografici
Autore principale: Beltrán, Blanca Aguirre
Altri autori: de Larramendi, Margarita Hernando
Natura: Libro
Lingua:spagnolo
Pubblicazione: Madrid Sociedad General Española de Librería (SGEL) 1997
Serie:El espanol por profesiones
Soggetti:
Tags: Aggiungi Tag
Nessun Tag, puoi essere il primo ad aggiungerne!!

MARC

LEADER 00000nam a2200000 4500
001 0242647
005 20240111125649.8
020 |a 978-84-7143-601-6 
020 |a 84-7143-601-9 
041 0 |a spa 
044 |a ES 
245 1 0 |a Lenguaje jurídico  |c Blanca Aguirre Beltrán, Margarita Hernando de Larramendi 
264 1 |a Madrid  |b Sociedad General Española de Librería (SGEL)  |c 1997 
300 |a 175 s. 
490 1 |a El espanol por profesiones 
830 0 |a El espanol por profesiones 
610 2 0 |a jazykoveda 
610 2 0 |a terminológia 
610 2 0 |a právo 
610 2 0 |a legislatíva 
610 2 0 |a zákony 
610 2 0 |a jazyky cudzie 
610 2 0 |a španielčina 
100 1 |a Beltrán, Blanca Aguirre 
700 1 |a de Larramendi, Margarita Hernando